Statystyki dla Kluby Ekstraklasy w sezonie 2020/2021

Kliknij tutaj aby rozwiązać quiz!

Ogólne statystyki

  • Ten quiz został rozwiązany 117 razy
  • Średni wynik to 13 z 16

Statystyki odpowiedzi

Odpowiedź% Poprawnych
2Lech Poznań
100%
1Legia Warszawa
99%
4Wisła Kraków
96%
8Pogoń Szczecin
91%
16Lechia Gdańsk
86%
12Raków Częstochowa
83%
6Górnik Zabrze
79%
5Wisła Płock
78%
13Cracovia
77%
7Jagiellonia Białystok
75%
3Piast Gliwice
75%
15Śląsk Wrocław
75%
11Warta Poznań
70%
9Stal Mielec
69%
14Zagłębie Lubin
67%
10Podbeskidzie Bielsko-biała
52%

Rozkład punktacji

Percentyl według liczby udzielonych odpowiedzi

Procent ludzi z każdym wynikiem

Twoja historia wyników

Nie rozwiązałeś tego quizu